| 000 | 00620nam a2200169 a 4500 | ||
|---|---|---|---|
| 001 | 000035813 | ||
| 005 | 20200930074631.0 | ||
| 008 | 111114s1956 cu 000 0 spa d | ||
| 040 |
_aDO-SdBNP _bspa _cBNPHU |
||
| 100 | 1 |
_aRong de Leuchsenring, Emilio _961768 |
|
| 245 | 1 | 0 |
_aBolivar, el congreso interamericano de Panama, en 1826, y la independencia de Cuba y Puerto Rico / _cEmilio Rong de Leuchsenring. |
| 260 |
_aLa Habana : _bOficina del Historiador de la Ciudad, _c1956. |
||
| 300 |
_a167 p. ; _c23 cm. |
||
| 490 | 1 | _aHistórica cubana y americana | |
| 830 | 0 |
_aHistórica cubana y americana _960211 |
|
| 049 | _aBNPD | ||
| 999 |
_c35304 _d35304 |
||